Normal view MARC view

Entry Topical Term

Number of records used in: 1

001 - CONTROL NUMBER

  • control field: 82467

003 - CONTROL NUMBER IDENTIFIER

  • control field:

005 - DATE AND TIME OF LATEST TRANSACTION

  • control field: 20210601182938.0

008 - FIXED-LENGTH DATA ELEMENTS

  • fixed length control field: 210601|| aca||aabn | a|a d

040 ## - CATALOGING SOURCE

  • Original cataloging agency:
  • Transcribing agency:

150 ## - HEADING--TOPICAL TERM

  • Topical term or geographic name entry element: Dwellings
  • General subdivision: Designs and plans

670 ## - SOURCE DATA FOUND

  • Source citation: Work cat.: (): Raja Rao, Y.N. 82466, Planning and designing of residential buildings/, 2000
                                                                           
web counter

Copyright ©2020 The National Library of India, Govt. of India ↔ Hosted by NVLI, MOC ↔ Technology and Design by National Library of India, Ministry of Culture, Govt. of India